Structural masonry designers' manual (Record no. 105556)
[ view plain ]
| 000 -LEADER | |
|---|---|
| fixed length control field | 02111cam a2200349 4500 |
| 001 - CONTROL NUMBER | |
| control field | ##L134134 |
| 008 - FIXED-LENGTH DATA ELEMENTS--GENERAL INFORMATION | |
| fixed length control field | 060712n2006 000 0 eng u |
| 020 ## - INTERNATIONAL STANDARD BOOK NUMBER | |
| International Standard Book Number | 0632056126 |
| -- | 9780632056125 |
| 035 ## - SYSTEM CONTROL NUMBER | |
| System control number | (Sirsi) u134134 |
| 041 0# - LANGUAGE CODE | |
| Language code of text/sound track or separate title | eng |
| 050 04 - LIBRARY OF CONGRESS CALL NUMBER | |
| Classification number | 693.2 $2 18 |
| 100 1# - MAIN ENTRY--PERSONAL NAME | |
| Personal name | Curtin, W. G. |
| 245 00 - TITLE STATEMENT | |
| Title | Structural masonry designers' manual |
| 250 ## - EDITION STATEMENT | |
| Edition statement | 3rd ed. |
| 260 ## - PUBLICATION, DISTRIBUTION, ETC. | |
| Place of publication, distribution, etc. | Oxford |
| Name of publisher, distributor, etc. | Blackwell Science |
| Date of publication, distribution, etc. | 2006 |
| 300 ## - PHYSICAL DESCRIPTION | |
| Extent | xiv, 335p. |
| Other physical details | ill. |
| Dimensions | 31cm. |
| 350 ## - PRICE (NR) (BK AM CF MU VM SE) [OBSOLETE] | |
| Price | 89.50 |
| 505 2# - FORMATTED CONTENTS NOTE | |
| Formatted contents note | Introduction -- Advantages and disadvantages of structural masonry -- Design philosophy -- Limit state design -- Basis of design: (1) vertical loading, (2) lateral loading - tensile and shear strength -- Strapping, propping and tying of loadbearing masonry -- Stability, accidental damage and progressive collapse -- Structural elements and forms -- Design of masonry elements: (1) vertically loaded, (2) combined bending and axial loading -- Design of single-storey buildings -- Fin and diaphragm walls in tall single-storey buildings -- Design of multi-storey structures -- Reinforced and post-tensioned masonry -- Arches |
| 520 ## - SUMMARY, ETC. | |
| Summary, etc. | Covers the structural use of brick and blockwork, and features a series of step-by-step design examples of typical elements and buildings. Includes the latest requirements of Building Regulations Parts A, E and L, changes to the code of practice and the specification of materials, sustainability issues, updated health and safety requirements, and recent innovations in structural masonry. |
| 590 ## - LOCAL NOTE (RLIN) | |
| Local note | KA |
| 650 24 - SUBJECT ADDED ENTRY--TOPICAL TERM | |
| Topical term or geographic name entry element | BUILDING REGULATIONS 2000 APPROVED DOCUMENT A (2004 EDITION) |
| 650 24 - SUBJECT ADDED ENTRY--TOPICAL TERM | |
| Topical term or geographic name entry element | BUILDING REGULATIONS 2000 APPROVED DOCUMENT E (2003 EDITION) |
| 650 24 - SUBJECT ADDED ENTRY--TOPICAL TERM | |
| Topical term or geographic name entry element | BUILDING REGULATIONS 2000 APPROVED DOCUMENT L1A (2006 EDITION) |
| 650 24 - SUBJECT ADDED ENTRY--TOPICAL TERM | |
| Topical term or geographic name entry element | BUILDING REGULATIONS 2000 APPROVED DOCUMENT L1B (2006 EDITION) |
| 690 ## - LOCAL SUBJECT ADDED ENTRY--TOPICAL TERM (OCLC, RLIN) | |
| Topical term or geographic name as entry element | BUILT ENVIRONMENT-BUILDING ELEMENTS-PARTS OF BUILDING ELEMENTS-CARCASS, STRUCTURE AND FABRIC |
| 700 1# - ADDED ENTRY--PERSONAL NAME | |
| Personal name | Shaw, G. |
| 700 1# - ADDED ENTRY--PERSONAL NAME | |
| Personal name | Beck, J. K. |
| 700 1# - ADDED ENTRY--PERSONAL NAME | |
| Personal name | Bray, W. A. |
| 700 1# - ADDED ENTRY--PERSONAL NAME | |
| Personal name | Easterbrook, David |
| 942 ## - ADDED ENTRY ELEMENTS (KOHA) | |
| Suppress in OPAC | 0 |
| Withdrawn status | Lost status | Source of classification or shelving scheme | Damaged status | Not for loan | Home library | Current library | Shelving location | Date acquired | Cost, normal purchase price | Total Checkouts | Full call number | Barcode | Date last seen | Date last checked out | Copy number | Cost, replacement price | Price effective from | Koha item type |
|---|---|---|---|---|---|---|---|---|---|---|---|---|---|---|---|---|---|---|
| Dewey Decimal Classification | London | London | Books | 11/08/2006 | 76.07 | 1 | F693.2 CUR | 30073165 | 06/08/2019 | 21/01/2008 | 1 | 76.07 | 06/08/2019 | Book |